A sporting eye 50 years of Irish and international sports photography

Saved in:
Bibliographic Details
Main Author: Fionnbar Callanan
Format: Book
Published: 2005
Tags: Add Tag
No Tags, Be the first to tag this record!
Call Number :

MARC

LEADER 00000pam a2200000 4500
001 26608
003 MY-KLNDU
005 20241218082058.0
020 0 0 |a 9781905483013 
035 |a 0000035152 
039 9 |a 201208281125  |b azraai  |c 200911181203  |d VLOAD  |y 200910091758  |z VLOAD 
100 0 0 |a Fionnbar Callanan 
245 0 2 |a A sporting eye  |b 50 years of Irish and international sports photography 
260 0 0 |a 2005 
591 |a 0000005841  |b 19/11/08  |c 0198-07  |d 1  |e RM116.25  |f 1  |g 116.25  |h INTRABAKTI SD.BHD. 
999 |a vtls000036628  |c 26608  |d 26608